000 00658nam a22001337a 4500
008 110322t xxu||||| |||| 00| 0 eng d
050 _aLB1570
_b.A74 2010
245 _aAre our children learning?:
_bAnnual learning assessment report Kenya 2010
260 _aNairobi
_bUwezo net
_c2010
300 _av,134p.
_c30cm
942 _2lcc
_cBK
999 _c38097
_d38097